000
00320nam a22001337a 4500
008
170330b xxu||||| |||| 00| 0 eng d
020
_a
9280634828
041
_a
eng
080
_a
616-053.2
100
_a
8
101
_a
SHM
245
_a
NDIHMA PER FEMIJET PERBALLIMIN STRESEVE TE LUFTES
_c
MACKSOUD.M
942
_2
udc
_c
BK
999
_c
9069
_d
9069